Krajiny Európy - Slovenský kvíz - Statistics

General Stats
  • This quiz has been taken 985 times
  • The average score is 39 of 45
Answers on the Map
Answers color-coded by a green-red scale on the quiz's map according to % correct below.
 
Answer Stats
Country % Correct
Česko
97%
Slovensko
97%
Nemecko
96%
Francúzsko
95%
Maďarsko
95%
Poľsko
95%
Rakúsko
95%
Rusko
95%
Taliansko
95%
Španielsko
94%
Ukrajina
94%
Fínsko
93%
Portugalsko
93%
Írsko
92%
Spojené kráľovstvo
92%
Grécko
91%
Nórsko
91%
Švédsko
91%
Dánsko
90%
Chorvátsko
89%
Litva
89%
Slovinsko
89%
Švajčiarsko
88%
Bielorusko
87%
Island
87%
Estónsko
85%
Lotyšsko
85%
Rumunsko
85%
Belgicko
84%
Bulharsko
83%
Holandsko
83%
Bosna a Hercegovina
82%
Luxembursko
82%
Vatikán
82%
Srbsko
80%
Albánsko
79%
Čierna Hora
79%
Andorra
76%
Monako
75%
Malta
74%
San Maríno
74%
Moldavsko
73%
Severné Macedónsko
73%
Lichtenštajnsko
67%
Kosovo
61%
No matching quizzes found
Score Distribution
Percent of People with Each Score
Percentile by Number Answered
Your Score History
You have not taken this quiz